| Tag |
First Indicator |
Second Indicator |
Subfields |
| LEADER |
00000cam a22000004a 4500 |
| 001 |
in00005669621 |
| 008 |
070516s2007 gw a b 001 0 eng |
| 005 |
20251112190827.4 |
| 010 |
|
|
|a 2007923413
|
| 035 |
|
|
|a (OCoLC)ocn154712261
|
| 040 |
|
|
|a NLM
|b eng
|c NLM
|d BTCTA
|d BAKER
|d OHX
|d YDXCP
|d NLGGC
|d VRC
|d PAU
|d AU@
|d DLC
|d IG#
|d OCLCF
|d P4A
|d OCLCQ
|d OCLCO
|d UWO
|d OCLCO
|d OCLCL
|d UKMGB
|d OCLCO
|d OCLCL
|
| 016 |
7 |
|
|a 101314905
|2 DNLM
|
| 016 |
7 |
|
|a 013801769
|2 Uk
|
| 019 |
|
|
|a 1314363640
|a 1504735788
|
| 020 |
|
|
|a 9783540716907
|q (alk. paper)
|
| 020 |
|
|
|a 3540716904
|q (alk. paper)
|
| 020 |
|
|
|a 9783540716914 (electronic)
|q bk
|
| 020 |
|
|
|a 3540716912 (electronic)
|q bk
|
| 035 |
|
|
|a (OCoLC)154712261
|z (OCoLC)1314363640
|z (OCoLC)1504735788
|
| 042 |
|
|
|a pcc
|
| 050 |
|
4 |
|a RK307
|b .S56 2007
|
| 060 |
0 |
0 |
|a 2007 I-797
|
| 060 |
1 |
0 |
|a WU 140
|b S634d 2007
|
| 082 |
0 |
4 |
|a 617.63
|2 22
|1 https://id.oclc.org/worldcat/ddc/E3Xt9v9FGBGbvdxHBXygJFDDM9
|
| 084 |
|
|
|a 44.96
|2 bcl
|
| 100 |
1 |
|
|a Slootweg, Pieter Johannes,
|d 1950-
|1 https://id.oclc.org/worldcat/entity/E39PCjK6M6pwtdKXF93CYp8xcK
|
| 245 |
1 |
0 |
|a Dental pathology :
|b a practical introduction /
|c Pieter J. Slootweg.
|
| 260 |
|
|
|a Berlin ;
|a New York :
|b Springer,
|c ©2007.
|
| 300 |
|
|
|a xi, 83 pages :
|b illustrations
|
| 336 |
|
|
|a text
|b txt
|2 rdacontent
|
| 337 |
|
|
|a unmediated
|b n
|2 rdamedia
|
| 338 |
|
|
|a volume
|b nc
|2 rdacarrier
|
| 504 |
|
|
|a Includes bibliographical references and index.
|
| 505 |
0 |
|
|a Tooth formation -- Histology of the teeth and surrounding structures -- Disturbed tooth form -- Developmental disturbances in tissue structure -- Alterations acquired after tooth eruption -- Disturbed tooth eruption -- Disorders of the dental pulp -- Disorders of the periodontal tissues -- Odontogenic cysts -- Odontogenic tumours -- Immature odontogenic tissues, a source of diagnostic confusion.
|
| 520 |
1 |
|
|a "This book provides practically applicable knowledge on the histology and histopathology of the changes that are seen in diseases of the dental and periodontal tissues. It includes disturbances in tooth formation, acquired dental diseases including caries and its sequelae for the tooth-surrounding tissues, periodontal disease, and odontogenic tumours. Also, attention is paid to the histological alterations induced by denial treatment."--BOOK JACKET.
|
| 540 |
|
|
|a British Library not licensed to copy
|c 0.
|5 Uk
|
| 650 |
|
0 |
|a Teeth
|x Diseases.
|
| 650 |
|
0 |
|a Oral medicine.
|
| 650 |
1 |
2 |
|a Pathology, Oral
|
| 650 |
2 |
2 |
|a Stomatognathic Diseases
|x pathology
|
| 650 |
|
2 |
|a Tooth Diseases
|
| 650 |
|
2 |
|a Oral Medicine
|
| 650 |
|
6 |
|a Dents
|x Maladies.
|
| 650 |
|
6 |
|a Stomatologie.
|
| 650 |
|
7 |
|a Oral medicine
|2 fast
|
| 650 |
|
7 |
|a Teeth
|x Diseases
|2 fast
|
| 655 |
|
7 |
|a Electronic books.
|2 local
|
| 758 |
|
|
|i has work:
|a Dental pathology (Text)
|1 https://id.oclc.org/worldcat/entity/E39PCGc69mfqYVGgcXffJkKV3P
|4 https://id.oclc.org/worldcat/ontology/hasWork
|
| 938 |
|
|
|a Ingram Library Services
|b INGR
|n in500387059
|
| 938 |
|
|
|a Baker & Taylor
|b BKTY
|c 89.95
|d .00
|i 3540716904
|n 0007265821
|s active
|
| 938 |
|
|
|a Baker and Taylor
|b BTCP
|n BK0013681988
|
| 938 |
|
|
|a Otto Harrassowitz
|b HARR
|n har070043327
|
| 938 |
|
|
|a Ingram
|b INGR
|n 9783540716907
|
| 938 |
|
|
|a YBP Library Services
|b YANK
|n 2578126
|
| 029 |
0 |
|
|a NLM
|b 101314905
|
| 029 |
1 |
|
|a AU@
|b 000042238916
|
| 029 |
1 |
|
|a IG#
|b 9783540716907
|
| 029 |
1 |
|
|a NLGGC
|b 302039546
|
| 029 |
1 |
|
|a OHX
|b har070043327
|
| 029 |
1 |
|
|a AU@
|b 000073122010
|
| 029 |
1 |
|
|a UKMGB
|b 013801769
|
| 029 |
1 |
|
|a AU@
|b 000079101365
|
| 994 |
|
|
|a Z0
|b TMV
|
| 948 |
|
|
|h NO HOLDINGS IN TMV - 73 OTHER HOLDINGS
|
| 999 |
f |
f |
|s 9e993c16-26cd-478d-be71-2b4d3161e328
|i 75feec36-217b-4c92-90a5-eca2e7b61990
|t 0
|
| 952 |
f |
f |
|p ric
|a Texas A&M University
|b Rellis Campus
|c Joint Library Facility
|d Remote Storage
|t 0
|e WU 140 S634d 2007
|h National Library of Medicine classification
|i unmediated -- volume
|m 1000018676
|
| 998 |
f |
f |
|a WU 140 S634d 2007
|t 0
|l Remote Storage
|